Regional city: an Anglo-American discussion of metropolitan planning (Record no. 409630)

000 -LEADER
fixed length control field 00431cam a22001337a 4500
008 - FIXED-LENGTH DATA ELEMENTS--GENERAL INFORMATION
fixed length control field 180718b1966 xxu||||| |||| 00| 0 eng d
082 ## - DEWEY DECIMAL CLASSIFICATION NUMBER
Classification number J7mt SE57
245 ## - TITLE STATEMENT
Title Regional city: an Anglo-American discussion of metropolitan planning
Statement of responsibility, etc. edited by Derek Senior
260 ## - PUBLICATION, DISTRIBUTION, ETC.
Place of publication, distribution, etc. London
Name of publisher, distributor, etc. Longmans
Date of publication, distribution, etc. 1966
300 ## - PHYSICAL DESCRIPTION
Extent xiii, 192p
650 ## - SUBJECT ADDED ENTRY--TOPICAL TERM
Topical term or geographic name entry element City planning -United States.
650 ## - SUBJECT ADDED ENTRY--TOPICAL TERM
Topical term or geographic name entry element City planning -Great Britain
700 ## - ADDED ENTRY--PERSONAL NAME
Personal name Senior, Derek
Holdings
Withdrawn status Lost status Damaged status Not for loan Permanent Location Current Location Date acquired Full call number Barcode Date last seen Price effective from Koha item type
        Indian Institute of Public Administration Indian Institute of Public Administration 2009-01-06 J7mt SE57 DA926 2018-07-21 2018-07-21 DA
        Indian Institute of Public Administration Indian Institute of Public Administration 2010-01-07 J7mt Se57 39553 2018-07-21 2018-07-21 Book

Powered by Koha